000 00545nam a2200193 i 4500
001 96268
003 ES-MaACL
007 t|
008 050614s1948 ag ||||1| spa d
100 1 _aMaeztu, Ramiro de,
_d1875-1936
_975421
245 1 0 _aEspaña y Europa /
_cRamiro de Maeztu.
250 _a2ª ed.
260 _aBuenos Aires :
_bEspasa-Calpe,
_c1948.
300 _a164 p. ;
_c18 cm.
490 1 _aColección austral
830 0 _aColección austral
_9177655
852 _aES-MaACL
_jC-9783
_bR.37876
999 _c96268
_d96268